| 000 | 00371nam a22001337a 4500 | ||
|---|---|---|---|
| 005 | 20260408123219.0 | ||
| 008 | 260408b |||||||| |||| 00| 0 eng d | ||
| 082 |
_a330.954 _bHIG-G |
||
| 245 | _aHighlights Economic Survey 1999-2000 | ||
| 260 |
_aPakistan _bGovernment of Pakistan Finance Division _c2000 |
||
| 300 | _a19 p. | ||
| 650 | _aManagement Science | ||
| 942 | _cBK | ||
| 999 |
_c47259 _d47259 |
||